Top Surnames in India - Statistics

General Stats
  • This quiz has been taken 14 times
  • The average score is 3 of 10
Answer Stats
People With This Name Answer % Correct
34,838,027 Singh
92%
70,362,192 Devi
33%
9,480,229 Kaur
33%
31,111,248 Kumar
33%
11,368,810 Das
17%
6,993,402 Yadav
17%
6,615,155 Kumari
8%
5,669,679 Lal
8%
7,228,601 Ram
8%
5,339,803 Bai
0%
No matching quizzes found
Score Distribution
Percent of People with Each Score
Percentile by Number Answered
Your Score History
You have not taken this quiz